The brethren / (Record no. 350191)

000 -LEADER
fixed length control field 00815mam a2200301 a 4500
001 - CONTROL NUMBER
control field 2428269
003 - CONTROL NUMBER IDENTIFIER
control field OSt
005 - DATE AND TIME OF LATEST TRANSACTION
control field 20180116183009.0
008 - FIXED-LENGTH DATA ELEMENTS--GENERAL INFORMATION
fixed length control field 000106s2000 nyu 000 1 eng d
020 ## - INTERNATIONAL STANDARD BOOK NUMBER
International Standard Book Number 0385497466 :
Terms of availability $27.95
035 ## - SYSTEM CONTROL NUMBER
System control number (OCoLC)54083777
035 ## - SYSTEM CONTROL NUMBER
System control number (OCoLC)ocm54083777
035 ## - SYSTEM CONTROL NUMBER
System control number (NNC)2428269
040 ## - CATALOGING SOURCE
Original cataloging agency WVK
Transcribing agency WVK
Modifying agency OCO
-- KLG
-- JED
-- LEO
-- SVP
-- DPL
082 ## - DEWEY DECIMAL CLASSIFICATION NUMBER
Classification number 813.54 GRI 2000
090 ## - LOCALLY ASSIGNED LC-TYPE CALL NUMBER (OCLC); LOCAL CALL NUMBER (RLIN)
Classification number (OCLC) (R) ; Classification number, CALL (RLIN) (NR) PS3557.R5355
Local cutter number (OCLC) ; Book number/undivided call number, CALL (RLIN) B74 2000
092 ## - LOCALLY ASSIGNED DEWEY CALL NUMBER (OCLC)
Classification number 813.54
100 1# - MAIN ENTRY--PERSONAL NAME
Personal name Grisham, John.
245 14 - TITLE STATEMENT
Title The brethren /
Statement of responsibility, etc. John Grisham.
260 ## - PUBLICATION, DISTRIBUTION, ETC.
Place of publication, distribution, etc. New York :
Name of publisher, distributor, etc. Doubleday,
Date of publication, distribution, etc. 2000.
300 ## - PHYSICAL DESCRIPTION
Extent 366 p. ;
Dimensions 24 cm.
650 #0 - SUBJECT ADDED ENTRY--TOPICAL TERM
Topical term or geographic name entry element Judges
Form subdivision Fiction.
650 #0 - SUBJECT ADDED ENTRY--TOPICAL TERM
Topical term or geographic name entry element Prisoners
Form subdivision Fiction.
650 #0 - SUBJECT ADDED ENTRY--TOPICAL TERM
Topical term or geographic name entry element Swindlers and swindling
Form subdivision Fiction.
655 #7 - INDEX TERM--GENRE/FORM
Genre/form data or focus term Legal stories.
Source of term gsafd
942 ## - ADDED ENTRY ELEMENTS (KOHA)
Source of classification or shelving scheme
Koha item type Book
Holdings
Withdrawn status Lost status Source of classification or shelving scheme Damaged status Not for loan Collection code Permanent Location Current Location Shelving location Date acquired Total Checkouts Full call number Barcode Date last seen Price effective from Koha item type
            Central Library (CL) Central Library (CL) Fiction 08/31/2015   813.54 GRI 2000 NBSD-2082 01/20/2020 08/31/2015 Book
© 2023 Central Library, National University of Sciences and Technology. All Rights Reserved.